| 000 | 00432nam a2200157Ia 4500 | ||
|---|---|---|---|
| 005 | 20250423095329.0 | ||
| 008 | 250422s9999 xx 000 0 und d | ||
| 020 | _a9789995668167 | ||
| 050 | _aHB 61 .E98/ | ||
| 245 | 0 | _aExtended and encyclopedic dictionary of economics: with Turkish, Russian and Turkmen Languages | |
| 260 | _aAlbania | ||
| 260 | _bEpoka University Pub. | ||
| 260 | _c2009 | ||
| 300 | _a1003 p | ||
| 942 | _cBK | ||
| 999 |
_c29949 _d29949 |
||